000 00968 a2200325 4500
001 116986
020 _a9780553213133
041 _aeng
082 _aP Year 8 [Fic]
250 _a. ed.
300 _a308 p.
697 _aOrphans - Fiction.
697 _aCountry life - Fiction.
697 _aFriendship
697 _aFriendship - Fiction.
697 _aOrphans
697 _aPrince Edward Island - Fiction.
697 _aShirley, Anne (Fictitious character)
697 _aShirley, Anne (Fictitious character) - Fiction.
697 _aCountry life
697 _aPrince Edward Island
697 _aShirley, Anne (Fictional character) - Fiction.
040 _aBR-BrIDEA
_cBR-BrIDEA
090 _aP Year 8 [Fic]
_bMON
245 1 0 _aAnne of Green Gables
_cL. M. (Lucy Maud Montgomery)
260 _aNew York, NY
_bBantam Books
_c1998
490 _aAnne of Green Gables
_v#1
700 _aMontgomery, L. M.
_d1874-1942
_e(Lucy Maud)
942 _cBK
999 _c116986
_d116986